ბათუმის შოთა რუსთაველის სახელმწიფო უნივერსიტეტის ბიბლიოთეკა

Международнаия конкуренция: Конкурентные премушества стрвн=The competitive advantage of nations. (ბიბ.ჩანაწერი № 37226)

000 -LEADER
fixed length control field 00922nam a2200241Ia 4500
001 - CONTROL NUMBER
control field 3185
003 - CONTROL NUMBER IDENTIFIER
control field GE_BSU
008 - FIXED-LENGTH DATA ELEMENTS--GENERAL INFORMATION
fixed length control field 181216s||||||||xx |||||||||||||| ||und||
020 ## - INTERNATIONAL STANDARD BOOK NUMBER
International Standard Book Number 5713304132
040 ## - CATALOGING SOURCE
Transcribing agency GE_BSU
080 ## - UNIVERSAL DECIMAL CLASSIFICATION NUMBER
Universal Decimal Classification number 339.1
100 ## - MAIN ENTRY--PERSONAL NAME
Personal name Портер, М,
245 ## - TITLE STATEMENT
Title Международнаия конкуренция: Конкурентные премушества стрвн=The competitive advantage of nations.
245 ## - TITLE STATEMENT
Statement of responsibility, etc. Пер. с Англ. : И.В. Квасюка, Д.С. Комисcарова и др. Под.редl и с предисловием В.Д. Щетинина.
260 ## - PUBLICATION, DISTRIBUTION, ETC.
Place of publication, distribution, etc. Москва
260 ## - PUBLICATION, DISTRIBUTION, ETC.
Name of publisher, distributor, etc. Международные Отношения
260 ## - PUBLICATION, DISTRIBUTION, ETC.
Date of publication, distribution, etc. 1993
300 ## - PHYSICAL DESCRIPTION
Extent 896 ст. 24 см.
653 ## - INDEX TERM--UNCONTROLLED
Uncontrolled term Конкурентрые примушества
653 ## - INDEX TERM--UNCONTROLLED
Uncontrolled term Международнаия конкуренция:
942 ## - ADDED ENTRY ELEMENTS (KOHA)
Koha item type წიგნი
ეგზემპლარები
Withdrawn status Lost status Damaged status Not for loan Date acquired Barcode Date last seen Price effective from Koha item type Public note
        2018-12-17 8251 2018-12-17 2018-12-17 წიგნი დარბაზი